000 00317nam a22001457a 4500
008 230614b ||||| |||| 00| 0 eng d
020 _a9780077483784
041 _aeng
080 _a51
082 _a51MES
100 _a24
101 _aMATE
245 _aINTERMEDIATE ALGEBRA
_cMESSERSMITH .SH
942 _2udc
_cBK
999 _c59970
_d59970